| 000 | 00368nam a22001097a 4500 | ||
|---|---|---|---|
| 008 | 230606b xxu||||| |||| 00| 0 eng d | ||
| 082 |
_a379.236762 _bMOE |
||
| 245 |
_aThe Ministry of Education, Science& Technology _cThe Ministry of Education, Science& Technology |
||
| 260 |
_aKenya _bThe Ministry of Education, Science& Technology _c2003 |
||
| 300 | _a25 p | ||
| 942 |
_2ddc _cBK |
||
| 999 |
_c737 _d737 |
||